A model for evangelical theology : (Record no. 25288)

MARC details
000 -LEADER
fixed length control field 01409cam a2200313 i 4500
001 - CONTROL NUMBER
control field 21269301
003 - CONTROL NUMBER IDENTIFIER
control field AUA.1
005 - DATE AND TIME OF LATEST TRANSACTION
control field 20251121112108.0
008 - FIXED-LENGTH DATA ELEMENTS--GENERAL INFORMATION
fixed length control field 191025s2020 miu b 001 0 eng
010 ## - LIBRARY OF CONGRESS CONTROL NUMBER
LC control number 2019048618
020 ## - INTERNATIONAL STANDARD BOOK NUMBER
International Standard Book Number 9781540960351
Qualifying information (paperback)
020 ## - INTERNATIONAL STANDARD BOOK NUMBER
International Standard Book Number 9781540962720
Qualifying information (casebound)
035 ## - SYSTEM CONTROL NUMBER
System control number 21269301
040 ## - CATALOGING SOURCE
Original cataloging agency DLC
Language of cataloging eng
Transcribing agency DLC
Description conventions rda
Modifying agency DLC
042 ## - AUTHENTICATION CODE
Authentication code pcc
050 00 - LIBRARY OF CONGRESS CALL NUMBER
Classification number BR1640
Item number .M398 2020
082 00 - DEWEY DECIMAL CLASSIFICATION NUMBER
Classification number 230/.04624
Edition number 23
100 1# - MAIN ENTRY--PERSONAL NAME
Personal name McFarlane, Graham,
Dates associated with a name 1959-
Relator term author.
245 12 - TITLE STATEMENT
Title A model for evangelical theology :
Remainder of title integrating scripture, tradition, reason, experience, and community /
Statement of responsibility, etc Graham McFarlane.
260 ## - PUBLICATION, DISTRIBUTION, ETC. (IMPRINT)
Place of publication, distribution, etc Grand Rapids, MI :
Name of publisher, distributor, etc Baker Academic;
Date of publication, distribution, etc c2020.
300 ## - PHYSICAL DESCRIPTION
Extent xiii, 305 pages ;
Dimensions 24 cm
504 ## - BIBLIOGRAPHY, ETC. NOTE
Bibliography, etc Includes bibliographical references (pages 277-296) and index.
520 ## - SUMMARY, ETC.
Summary, etc "This introduction to evangelical theology explains how connecting to five streams of Christian theology-Scripture, tradition, reason, experience, and community-leads to a richer and deeper understanding of the faith"--
650 #0 - SUBJECT ADDED ENTRY--TOPICAL TERM
Topical term or geographic name as entry element Evangelicalism.
650 #0 - SUBJECT ADDED ENTRY--TOPICAL TERM
Topical term or geographic name as entry element Theology.
906 ## - LOCAL DATA ELEMENT F, LDF (RLIN)
a 7
b cbc
c orignew
d 1
e ecip
f 20
g y-gencatlg
942 ## - ADDED ENTRY ELEMENTS (KOHA)
Source of classification or shelving scheme Library of Congress Classification
Koha item type Books
Classification part BR 1640
Item part .M398 2020
Holdings
Withdrawn status Lost status Source of classification or shelving scheme Damaged status Not for loan Collection code Home library Current library Shelving location Date acquired Source of acquisition Cost, normal purchase price Serial Enumeration / chronology Total Checkouts Full call number Barcode Date last seen Cost, replacement price Price effective from Koha item type
    Library of Congress Classification     Books Judith Thomas Library Judith Thomas Library General Stacks 21/11/2025 Grant, Langham Partnership 27.84 AUA28039   BR 1640 .M398 2020 AUA28039 21/11/2025 27.84 21/11/2025 Books